La vida en México en el siglo XX : El que manda vive enfrente : 1930-1934 /

Colección que presenta un panorama sintético de la historia política, social y, en menor medida, económica de México en el siglo XX, formado por la serie de cortometrajes documentales de montaje 18 lustros de la vida en México en este siglo (1990-1993) y el mediometraje La última década del siglo ve...

תיאור מלא

שמור ב:
מידע ביבליוגרפי
מחבר ראשי: Trujillo Bolio, Iván (idea original)
מחברים אחרים: Patiño, Eduardo (producción ejecutiva) (producción ejecutiva), Ohem, Francisco (realización) (realización), Bercini, Reyes (guión) (guión), Vargas, Jorge (montaje) (montaje), Stack, Juan (conducción) (conducción), Pérez Montfort, Ricardo (realización) (realización), Pérez Montfort, Ricardo (guión) (guión), Brito Nájera, Jesús (montaje) (montaje), Aura, Alejandro (conducción) (conducción)
פורמט: שקופית
שפה:ספרדית
יצא לאור: México : UNAM, Dirección General de Actividades Cinematográficas, 1990, c1990
סדרה:(Clásicos del Documental)
(La Vida en México en el Siglo XX ; 4)
נושאים:
תגים: הוספת תג
אין תגיות, היה/י הראשונ/ה לתייג את הרשומה!

MARC

LEADER 00000ngm^a2200000^a^4500
001 000186957
005 20250521000000.0
009 20260310102244.002
037 |a Acervo ITESO - Biblioteca 
041 |a ESP 
082 |a 972. 06  |b DIE V. 4 
100 |a Trujillo Bolio, Iván  |e (idea original) 
240 1 1 |a [Dieciocho lustros de la vida en México en este siglo] 
240 1 1 |a [Dieciocho lustros de la vida en México en este siglo: El que manda vive enfrente: 1930-1934] 
240 1 1 |a [Dieciocho lustros de la vida en México en este siglo: Cuando la sombra de la duda se cruza en el camino: 1935-1939] 
240 1 4 |a [La vida en México en el siglo XX] 
245 1 3 |a La vida en México en el siglo XX :  |b El que manda vive enfrente : 1930-1934 /  |c Idea original y diseño de la serie de I. Trujillo Bolio ; prod. ejecutiva de E. Patiño ; realización de F. Ohem. 
246 2 |a Título en la pantalla: La vida en México en el siglo XX: El que manda___ vive enfrente: 1930-1934 
246 2 |a Título en la cubierta: La vida en México en el siglo XX: El que manda vive enfrente: 1931-1935 
246 2 |a Título en la cubierta: Cuando la sombra de la duda se cruza en el camino: 1936-1940 
264 4 |a México :  |b UNAM, Dirección General de Actividades Cinematográficas,  |c 1990, c1990 
264 2 |a México :  |b Eurolatinoamericana [distribución],  |c 2005, c2005 
300 |a 1 DVD sin dato de región  |c (26, 28 min.) 
336 |a imagen móvil bidimensional  |b tdi  |2 rdacontenido 
337 |a video  |b v  |2 rdamedio 
338 |a videodisco  |b vd  |2 rdasoporte 
440 1 |a (Clásicos del Documental) 
440 4 |a (La Vida en México en el Siglo XX ;  |v 4) 
520 |a Colección que presenta un panorama sintético de la historia política, social y, en menor medida, económica de México en el siglo XX, formado por la serie de cortometrajes documentales de montaje 18 lustros de la vida en México en este siglo (1990-1993) y el mediometraje La última década del siglo veinte, producido en 2000 como complemento de este proyecto historiográfico. Esta presentación en DVD, bautizada con el título agrupador La vida en México en el siglo XX, la forman diez discos: los nueve primeros contienen, cada uno, dos de los cortometrajes de 18 lustros y el décimo el trabajo correspondiente al decenio 1990-1999. 
520 |a El que manda… vive enfrente (1930-1934) toma su título de un dicho cuyo complemento era “aquí vive el presidente…” y que expresaba popularmente la relación de los sucesivos jefes del Poder Ejecutivo, Pascual Ortiz Rubio y Abelardo L. Rodríguez, con el jefe máximo de la Revolución, Plutarco Elías Calles. A pocos años del conflicto entre el Estado y la Iglesia, se festejaban los 400 años de las apariciones de la Virgen de Guadalupe, iniciaban las actividades de la aviación comercial en el país, el automóvil se popularizaba en los caminos y el jefe máximo designaba como candidato a la presidencia al michoacano Lázaro Cárdenas. Cuando la sombra de la duda se cruza en el camino (1935-1939) de un país que se debate entre el nacionalismo y el cosmopolitismo, el gobierno presidido por Cárdenas –el más joven mandatario en la historia del país- impulsa la industrialización y hace efectivas las propuestas de reforma agraria de la Revolución, expulsa a Calles del país y recibe a los exiliados de la Guerra Civil española, a lo largo de un período en el que inicia la llamada época de oro del cine mexicano y cuyo episodio central es, sin duda, la nacionalización de la industria petrolera. 
649 |a XX 
650 |a Documentales 
650 |a Cortometrajes y Mediometrajes Mexicanos 
650 |a Cine Mexicano -  |y 1930-1939 
650 |a Cine Mexicano -  |y 1990-1999 
650 |a Cine Mexicano -  |y Siglo XX 
650 |a Cine Mexicano -  |x Historia y Crítica 
650 |a Virgen de Guadalupe -  |z México -  |x Culto -  |x Historia 
650 |a Virgen de Guadalupe -  |x Culto -  |x Historia 
650 |a Historia Social -  |z México 
650 |a Industrialización -  |z México -  |x Historia 
650 |a Desarrollo Económico-Social -  |z México -  |x Historia 
650 |a Reforma Agraria -  |z México -  |x Historia 
650 |a Política Agraria -  |z México -  |x Historia 
650 |a Política Económica -  |z México -  |x Historia 
650 |a Sindicalismo Corporativo -  |z México -  |x Historia 
650 |a Sindicalismo -  |z México -  |x Historia 
650 |a Nacionalismo -  |z México 
650 |a Modernización -  |z México -  |x Historia 
650 |a Expropiación Petrolera, 1938 
650 |a Exilio Español en México -  |x Historia 
650 |a Partido Revolucionario Institucional -  |z México -  |x Historia 
650 |a Partidos Políticos -  |z México -  |x Historia 
650 |a Política -  |z México -  |x Historia -  |y Maximato, 1928-1934 
650 |a Política -  |z México -  |x Historia -  |y Régimen Cardenista, 1934-1940 
650 |a Política -  |z México -  |x Historia -  |y Siglo XX 
650 |a México -  |x Historia -  |y Maximato, 1928-1934 
650 |a México -  |x Historia -  |y Régimen Cardenista, 1934-1940 
650 |a México -  |x Historia -  |y 1930-1939 
650 |a México -  |x Historia -  |y Siglo XX 
740 3 |a La vida en México en el siglo XX :  |b Cuando la sombra de la duda se cruza en el camino : 1935-1939 /  |c Idea original y diseño de la serie de I. Trujillo Bolio ; prod. ejecutiva de E. Patiño ; realización de R. Pérez Montfort. 
700 |a Patiño, Eduardo  |e (producción ejecutiva) 
700 |a Ohem, Francisco  |e (realización) 
700 |a Bercini, Reyes  |e (guión) 
700 |a Vargas, Jorge  |e (montaje) 
700 |a Stack, Juan  |e (conducción) 
700 |a Pérez Montfort, Ricardo  |e (realización) 
700 |a Pérez Montfort, Ricardo  |e (guión) 
700 |a Brito Nájera, Jesús  |e (montaje) 
700 |a Aura, Alejandro  |e (conducción) 
910 |a Fondo General 
920 |a Audiovisuales - DVDs 
940 |a Películas 
905 |a 302 
901 |a 0500123921  |b IT2  |c DVS  |u 20250521 
902 |a https://opac.biblio.iteso.mx/vufind/Record/000186957